000 00413nam a2200169Ia 4500
008 230524s9999 xx 000 0 und d
020 _a9780074632727
082 _a5.133
_bMIL
100 _aMilan Milenkovic
245 0 _aOperating Systems (Concepts & Design)
250 _a2ND
260 _aNEW DELHI
_bTMH
_c2001
300 _aXXV;755
500 _aQuantity Number: 50
650 _aComp-Sc
942 _cBK
999 _c18775
_d18775